| 000 | 02592cam a22006014i 4500 | ||
|---|---|---|---|
| 003 | PE-LiUPU | ||
| 005 | 20250731170419.0 | ||
| 008 | 171205s2012 sp 0 rb 00 0 spa d | ||
| 020 | _a8497778413 | ||
| 020 | _a9788497778411 | ||
| 035 | _a(Sirsi) a240313 | ||
| 040 |
_aPE-LiUPU _bspa _cPE-LiUPU _erda |
||
| 049 | _aPRUA | ||
| 082 | 0 | 4 |
_a158.2 _bS96 _220 |
| 100 | 1 |
_aHühn, Susanne, _eautor. |
|
| 245 | 1 | 3 |
_aLa codependencia : _b12 pasos para liberarse de la dependencia emocional / _cSusanne Hühn. |
| 250 | _aPrimera edición. | ||
| 264 | 1 |
_aBarcelona : _bObelisco, _c2012. |
|
| 300 |
_a165 páginas ; _c24 centímetros. |
||
| 336 |
_atext _2rdacontent |
||
| 337 |
_aunmediated _2rdamedia |
||
| 338 |
_avolume _2rdacarrier |
||
| 490 | 0 | _aColección Psicología | |
| 504 | _aBibliografía : páginas 163. | ||
| 505 | 0 | _aFormula de liberación -- Los doce pasos -- Admite que has asumido una carga excesiva y que no sabes como deshacerte de ella -- Reconoces que dispones de fuerzas útiles en tu vida -- Aprende a confiar en las fuerzas que te apoyan -- Reconoces qué es lo que haces para sentir que no tienes valor -- Admite ante ti mismo de que manera te explotas más alla de tus fuerzas -- Disponte a abandonar las viejas pautas de pensamiento y conducta -- Pide humildemente ser curado -- Disponte a repara todo el mal causado a los demás, pero ante todo lo que te has causado a ti mismo -- Date permiso para hacer las paces con el pasado y con el presente -- Reconoce cuándo recaes en los viejos patrones de conducta y abándonalos -- Aprende a entrar en contacto con tu voz interior y a hacerle caso -- Transmite tus conocimientos de forma cuidadosa y amorosa a todos aquellos que quieran. | |
| 526 | _aSEG68 | ||
| 526 | _aSEG70 | ||
| 526 | _aSEG69 | ||
| 526 | _aSEG67 | ||
| 526 | _aSEG43 | ||
| 526 | _aP144 | ||
| 526 | _aP143 | ||
| 526 | _aP131 | ||
| 526 | _aP122 | ||
| 526 | _aP120 | ||
| 526 | _aP117 | ||
| 526 | _aP112 | ||
| 526 | _aP110 | ||
| 526 | _aP106 | ||
| 526 | _aP101 | ||
| 526 | _aP80 | ||
| 526 | _aP59 | ||
| 526 | _aP54 | ||
| 526 | _aP35 | ||
| 526 | _aP33 | ||
| 526 | _aP30 | ||
| 541 | _g0006-002570; | ||
| 650 | 1 | 4 |
_aCodependencia _xTratamiento alternativo. |
| 910 |
_adbm _bksl _cksl _d20171205 |
||
| 596 | _a1 | ||
| 942 |
_2ddc _cBOOK |
||
| 999 |
_a158.2 S96 _wLC _c25976 _i77396 _d25976 _e2019-5-18 _f2021-11-3 _g4 _lCCODEBUL1 _mBUL _n8 _p16.99 _r0 _sY _tBOOK _u2017-12-5 _xSALUD _zP79 _0COMPRA _o.STAFF. Colección Ciencias de la Salud |
||
| 980 |
_81 _gALBERTO SANCHEZ Responsable de Automatización |
||